000 01329cad a22002895a 4500
001 L149825
008 100430s2010 xxk f f000 0 eng d
035 _a(Sirsi) u149825
041 0 _aeng
050 0 4 _a692.2 $2 18
110 2 _aUnited Kingdom
_kLaws, etc
_95044
245 0 4 _aThe Building and Approved Inspectors (Amendment) Regulations 2010
_h[electronic resource]
260 _aLondon
_bTSO
_c2010
490 0 _aSI
_v2010: 719
520 _aAmend the Building Regulations 2000 (S.I. 2000/2531), the Building (Approved Inspectors etc.) Regulations 2000 (S.I. 2000/2532), the Building and Approved Inspectors (Amendment) Regulations 2009 (S.I. 2009/1219), and the Building (Amendment No.2) Regulations 2009 (S.I. 2009/2397).
521 2 _aAdvanced
590 _aKA NTK
650 2 4 _aBUILDING AND APPROVED INSPECTORS (AMENDMENT) REGULATIONS 2010
650 2 4 _aBUILDING REGULATIONS 2000
650 2 4 _aBUILDING (APPROVED INSPECTORS ETC.) REGULATIONS 2000
650 2 4 _aBUILDING AND APPROVED INSPECTORS (AMENDMENT) REGULATIONS 2009
650 2 4 _aBUILDING (AMENDMENT NO.2) REGULATIONS 2009
651 4 _aEngland and Wales
_y1543-
690 _aBuilding regulations
_96224
856 4 0 _uhttps://www.opsi.gov.uk/si/si2010/uksi_20100719_en_1
_zView the Regulations free of charge at www.opsi.gov.uk...
942 _n0
999 _c110644
_d110644